00896 2200337 4500001002100000005001500021020002200036035002400058040001200082082001900094084001700113090001900130245005300149260002900202300004200231500004700273650002500320850001200345990001600357990001600373990001600389990001900405990001600424990001600440990001700456990001600473990001900489990001700508990001600525990001700541YOGYA00000000010004620140823125003 a978-979-29-2422-0 0010-111300000000157 aYOPDYOG 2[22]a384.5455 a384.5455 Mem 2[22]a384.5455 aMEMBANGUN sistem jaringan wireless untuk pemula. aYogyakarta:bAndi,c2011 ax, 240 hlm.:bilus.;c23 cm. (3 eks.) aDiterbitkan atas kerjasama dengan madcoms. aKomunikasi, jaringan aYOPDYOG a3575/B.2013 a3576/B.2013 a3577/B.2013 a3576-PD/B.2013 a3575/B.2013 a3577/B.2013 a3577-PD/B.13 a3575/B.2013 a3576-PD/B.2013 a3576-PD/B.13 a3575/B.2013 a3577-PD/B.13